Indian Economy (Record no. 10763)

MARC details
000 -LEADER
fixed length control field 00381nam a2200157Ia 4500
008 - FIXED-LENGTH DATA ELEMENTS--GENERAL INFORMATION
fixed length control field 191201s2011 xx 000 0 und d
082 ## - DEWEY DECIMAL CLASSIFICATION NUMBER
Classification number 330.954
Item number PUI
100 ## - MAIN ENTRY--PERSONAL NAME
Personal name PURI, V.K.
245 #0 - TITLE STATEMENT
Title Indian Economy
250 ## - EDITION STATEMENT
Edition statement 38th
260 ## - PUBLICATION, DISTRIBUTION, ETC. (IMPRINT)
Place of publication, distribution, etc Mumbai
Name of publisher, distributor, etc Himalaya Pub. House Pvt. Ltd.
Date of publication, distribution, etc 2020
300 ## - PHYSICAL DESCRIPTION
Extent 796
650 ## - SUBJECT ADDED ENTRY--TOPICAL TERM
Topical term or geographic name as entry element BA Economics
700 ## - ADDED ENTRY--PERSONAL NAME
Personal name MISRA, S.K.
942 ## - ADDED ENTRY ELEMENTS (KOHA)
Source of classification or shelving scheme Dewey Decimal Classification
Koha item type Text Books
942 ## - ADDED ENTRY ELEMENTS (KOHA)
-- 10
Holdings
Withdrawn status Lost status Source of classification or shelving scheme Damaged status Not for loan Collection code Home library Current library Date acquired Source of acquisition Currency Cost, normal purchase price Bill Number Total Checkouts Full call number Acc. no. / Barcode Date last seen Date last borrowed Actual Cost, discounted price Bill Date Koha item type
    Dewey Decimal Classification     B.A Economics PIET NCR College Library PIET NCR College Library 15/07/2021 Kirti Prakashan IN Rupees 775.00 IN2265 4 330.954 PUI N1281 27/12/2022 07/12/2022 581.25 15/07/2021 Text Books
    Dewey Decimal Classification     B.A Economics PIET NCR College Library PIET NCR College Library 15/07/2021 Kirti Prakashan IN Rupees 775.00 IN2265 2 330.954 PUI N1282 27/12/2022 13/12/2022 581.25 15/07/2021 Text Books
    Dewey Decimal Classification     B.A Economics PIET NCR College Library PIET NCR College Library 15/07/2021 Kirti Prakashan IN Rupees 775.00 IN2265 3 330.954 PUI N1283 11/04/2023 08/12/2022 581.25 15/07/2021 Text Books
    Dewey Decimal Classification     B.A Economics PIET NCR College Library PIET NCR College Library 15/07/2021 Kirti Prakashan IN Rupees 775.00 IN2265 4 330.954 PUI N1284 23/06/2023 12/06/2023 581.25 15/07/2021 Text Books
    Dewey Decimal Classification     B.A Economics PIET NCR College Library PIET NCR College Library 15/07/2021 Kirti Prakashan IN Rupees 775.00 IN2265   330.954 PUI N1285 03/08/2021   581.25 15/07/2021 Reference Books

Design & Developed by: PIET Central Library
R70 Miles Stone Pattikalyana Samalkha Panipat 132102
mail ID :- [email protected], Phone No:- 0180-2569700 Ex.216